| 000 | 00520nam a2200133Ia 4500 | ||
|---|---|---|---|
| 008 | 170516s9999 xx 000 0 und d | ||
| 245 | _aRadiobiological evaluation of the 3D-conformal radiotherapy of the pancreas cancer: results of a comparative study between filed-in-filed technique and the use of conventional wedges | ||
| 260 | _bJournal of Radiobiology | ||
| 260 | _c2016 | ||
| 300 | _a3:1 | ||
| 650 | _xRadiologic Technology | ||
| 650 | _xRadtech | ||
| 856 | _uhttp://nikanrescorp.com/index.php/JRB/issue/view/15 | ||
| 999 |
_c332757 _d332757 |
||